[Event "Tack Memorial U2200"]
[Site "Gualeguaychu"]
[Date "2017.03.11"]
[Round "2"]
[White "Heras, Maximiliano Hernan"]
[Black "Cardozo, Teofilo"]
[Result "1-0"]
[WhiteElo "2009"]
[BlackElo "1533"]
[PlyCount "69"]
[EventDate "2017.03.11"]
[EventType "swiss"]
[EventRounds "5"]
[EventCountry "ARG"]
[SourceTitle "EXT 2024"]
[Source "ChessBase"]
[SourceDate "2023.10.10"]
[SourceVersion "1"]
[SourceVersionDate "2023.10.10"]
[SourceQuality "1"]

1. c4 e6 2. d4 Nf6 3. a3 Be7 4. Bg5 0-0 5. Nf3 c6 6. Nc3 d5 7. e3 Nbd7 8. Rc1 b6 9. Bd3 Bb7 10. 0-0 Rc8 11. h3 c5 12. b3 Ne4 13. Bxe7 Qxe7 14. cxd5 exd5 15. dxc5 bxc5 16. Qe2 f5 17. Rfe1 Kh8 18. Ba6 Ndf6 19. Qb5 Rb8 20. Nxe4 Nxe4 21. Red1 Ba8 22. Qa4 g5 23. Nd2 g4 24. Nxe4 fxe4 25. hxg4 Rb6 26. Bf1 Rh6 27. g3 Qf6 28. Rd2 Qf3 29. Bg2 Qxg4 30. Rxc5 Qh5 31. Qd4+ Kg8 32. Rdc2 Qh2+ 33. Kf1 Qxg3 34. Rc8 Rhf6 35. Qxf6 1-0